000 01168nam a22002777a 4500
001 8974
003 FISKH
005 20251112100403.0
008 251112b cb ||||| |||| 00| 0 eng d
020 _a9780916119324
040 _aFISKH
_beng
_cFISKH
_dFISKH
050 _aPE1127.S3 W5416
082 _a080
100 _aWilliams, Rozanne Lanczak
_eAuthor
245 _aI see colors :
_bLearn to read /
_cWritten by Rozanne Lanczak Wlliams ; Illustrated by Véronique Petit
260 _aHuntington Beach :
_bCreative Teaching Press ,
_c1994
300 _a8 pages :
_bcolor illustrations ;
_c16 x 23 cm
505 _aC
520 _aRepetitive, predictable story lines and illustrations that match the text provide maximum support to the emergent reader. Engaging stories promote reading comprehension, and easy and fun activities on the inside back covers extend learning. Great for Reading First, Fluency, Vocabulary, Text Comprehension, and ESL/ELL!
521 8 _a100
_bLexile estimate
521 8 _aC
_bRaz-Plus
650 _aCreative teaching books
_vEasy reader
700 _aPetit, Véronique
_eIllustrator
942 _2ddc
_cBK
_n0
999 _c8974
_d8974